LEADER 01265cam0 22002531 450 001 SOBE00064654 005 20210302121859.0 100 $a20201008d2005 |||||ita|0103 ba 101 $aita 102 $aIT 200 1 $a<>Comitato nazionale per la bioetica: 1990-2005 quindici anni di impegno$econvegno di studio$emateriali congressuali, Roma, 30 novembre-3 dicembre 2005$fComitato nazionale per la bioetica 210 $aRoma$cPresidenza del Consiglio dei ministri, Dipartimento per l'informazione e l'editoria$d2005 215 $a546 p.$d29 cm 676 $a340.112$v20$3SOBA00020346 710 02$a*Comitato *nazionale per la *bioetica$3SOBA00001425$4070$0295169 801 0$aIT$bUNISOB$c20210302$gRICA 850 $aUNISOB 852 $aUNISOB$jFondo|Recepl$m172299 912 $aSOBE00064654 940 $aM 102 Monografia moderna SBN 941 $aM 957 $aFondo|Recepl$b000045$gCON$d172299$n20200211$hReCEPL$rdono$tN$1petrellap$2UNISOB$3UNISOB$420201008134757.0$520210302121859.0$6bethb$fConsultabile presso il Centro di ricerca di diritto privato europeo (ReCEPL); modalità di consultazione sulla home page della Biblioteca link Fondi 996 $aComitato nazionale per la bioetica: 1990-2005 quindici anni di impegno$91757945 997 $aUNISOB